| 000 | 00873nam a22002295a 4500 | ||
|---|---|---|---|
| 999 |
_c27520 _d27491 |
||
| 003 | EG-ScBUE | ||
| 005 | 20190609151010.0 | ||
| 008 | 190609s2017 ua gr 000 0 ara d | ||
| 017 | _a2017 / 7006 | ||
| 040 |
_aEG-ScBUE _bara _cEG-ScBUE _dEG-ScBUE |
||
| 082 | 0 | 4 |
_a297.27 _bض ل ا _222 |
| 245 | 0 | 0 |
_aضلالات الإرهابيين وتفنيدها / _cإعداد محمد سالم أبو عاصي... [وإلخ.] ؛ إشراف ومراجعة وتقديم محمد مختار جمعة. |
| 260 |
_aالقاهرة : _bوزارة الأوقاف، _c2017. |
||
| 300 |
_a110 ص. ؛ _c24 سم. |
||
| 541 |
_aMr. Samy El-Masry ; _cDonation ; |
||
| 650 | 7 |
_aالإسلام والإرهاب. _2BUEsh |
|
| 651 | _2BUEsh | ||
| 653 |
_bGGEN _cJune2019 |
||
| 700 | 1 |
_aأبو عاصي، محمد سالم. _917408 |
|
| 700 | 1 | _aجمعة، محمد مختار. | |
| 942 | _2ddc | ||